Science in ancient Egypt / (Record no. 3269)

MARC details
000 -LEADER
fixed length control field 01086pam a2200313 a 4500
005 - DATE AND TIME OF LATEST TRANSACTION
control field 20240222143743.0
020 ## - INTERNATIONAL STANDARD BOOK NUMBER
International Standard Book Number 9780531159156
040 ## - CATALOGING SOURCE
Original cataloging agency DLC
Transcribing agency DLC
Modifying agency DLC
Language of cataloging eng
050 00 - LIBRARY OF CONGRESS CALL NUMBER
Classification number Q127.E3
Item number 1998
082 00 - DEWEY DECIMAL CLASSIFICATION NUMBER
Classification number 509.32
100 1# - MAIN ENTRY--PERSONAL NAME
Personal name Woods, Geraldine
245 10 - TITLE STATEMENT
Title Science in ancient Egypt /
Statement of responsibility, etc. by Woods, Ceraldine
260 ## - PUBLICATION, DISTRIBUTION, ETC.
Place of publication, distribution, etc. New York :
Name of publisher, distributor, etc. Franklin Watts,
Date of publication, distribution, etc. 1998
300 ## - PHYSICAL DESCRIPTION
Extent 64 pages :
Other physical details color illustrations , map ;
Dimensions 24 cm.
490 ## - SERIES STATEMENT
Series statement Science of the Past
505 ## - FORMATTED CONTENTS NOTE
Formatted contents note Z <br/>
520 ## - SUMMARY, ETC.
Summary, etc. Discusses the achievements of the ancient Egyptians in science, mathematics, astronomy, medicine, agriculture, and technology.
521 ## - TARGET AUDIENCE NOTE
Target audience note 990 <br/>
Source Lexile <br/>
521 ## - TARGET AUDIENCE NOTE
Target audience note Z <br/>
Source Raz-Plus <br/>
650 #0 - SUBJECT ADDED ENTRY--TOPICAL TERM
Topical term or geographic name entry element Science
Geographic subdivision Egypt
General subdivision History
-- Juvenile literature.
650 #0 - SUBJECT ADDED ENTRY--TOPICAL TERM
Topical term or geographic name entry element Engineering
Geographic subdivision Egypt
General subdivision History
-- Juvenile literature.
650 #0 - SUBJECT ADDED ENTRY--TOPICAL TERM
Topical term or geographic name entry element Science, Ancient
General subdivision Juvenile literature.
650 #1 - SUBJECT ADDED ENTRY--TOPICAL TERM
Topical term or geographic name entry element Science
Geographic subdivision Egypt
General subdivision History.
650 #1 - SUBJECT ADDED ENTRY--TOPICAL TERM
Topical term or geographic name entry element Technology
Geographic subdivision Egypt
General subdivision History.
650 #1 - SUBJECT ADDED ENTRY--TOPICAL TERM
Topical term or geographic name entry element Science, Ancient.
906 ## - LOCAL DATA ELEMENT F, LDF (RLIN)
a 7
b cbc
c orignew
d 1
e ocip
f 19
g y-gencatlg
942 ## - ADDED ENTRY ELEMENTS (KOHA)
Source of classification or shelving scheme Dewey Decimal Classification
Koha item type Books
Suppress in OPAC No
999 ## -
-- 3269
-- 3269
Holdings
Withdrawn status Lost status Source of classification or shelving scheme Damaged status Not for loan Collection Home library Current library Shelving location Date acquired Total Checkouts Full call number Barcode Date last seen Price effective from Koha item type
    Dewey Decimal Classification     Non-Fiction Footprints International School Library Network Toul Kork Campus Footprints International School Library Network Toul Kork Campus TTP Secondary Non-Fiction Bookshelves 02/22/2024   WOO 509.32 Q127.E3 FIS04679 02/22/2024 02/22/2024 Books